[Event "Utrecht OKU op 42nd"]
[Site "Utrecht"]
[Date "2015.06.06"]
[Round "2"]
[White "Buikstra, Arjon"]
[Black "Froberg, Gert Jan"]
[Result "1-0"]
[WhiteElo "1983"]
[BlackElo "1849"]
[PlyCount "51"]
[EventDate "2015.06.05"]
[EventType "swiss"]
[EventRounds "6"]
[EventCountry "NED"]
[SourceTitle "CBM 166 Extra"]
[Source "ChessBase"]
[SourceDate "2015.06.18"]
[SourceVersion "1"]
[SourceVersionDate "2015.06.18"]
[SourceQuality "1"]

1. e4 e5 2. Nf3 Nf6 3. Nc3 Bb4 4. d3 Nc6 5. Be2 h6 6. a3 Bxc3+ 7. bxc3 d6 8. c4 Ne7 9. c5 dxc5 10. Bb2 Nc6 11. Nxe5 Nd4 12. h3 Be6 13. 0-0 Qe7 14. f4 Rd8 15. c3 Bb3 16. Qe1 Nc2 17. Qg3 Nxa1 18. Bxa1 Rd6 19. c4 Ra6 20. Bb2 Rb6 21. Bc3 Ba2 22. Ra1 Rb3 23. Qe1 Rg8 24. Rxa2 Nxe4 25. dxe4 f6 26. Bh5+ 1-0